El Bestiari popular de Valls / Roger Roig César
Descripción Física:
24 p. : il. ; 28 cm
MARC
| LEADER | 00000nam a2200000Ia 4500 | ||
|---|---|---|---|
| 001 | 11020 | ||
| 003 | BGR | ||
| 005 | 20260324175613.0 | ||
| 008 | 160829s9999 xx 000 0 cat d | ||
| 080 | |a FU-27-10 | ||
| 100 | |a Roig César, Roger |9 34856 | ||
| 245 | |a El Bestiari popular de Valls / Roger Roig César | ||
| 260 | |a [Valls] : |b Ajuntament de Valls, Arxiu Municipal, DL 1995 | ||
| 300 | |a 24 p. : |b il. ; |c 28 cm | ||
| 650 | |a Animals |x Folklore |x Valls |9 34857 | ||
| 650 | |a Gegants |x Valls |9 34858 | ||
| 650 | |a Bestiaris |x Valls |9 34859 | ||
| 710 | 1 | |a Valls (Catalunya). |b Ajuntament |9 53920 | |
| 710 | 1 | |a Arxiu Municipal de Valls |9 70425 | |
| 866 | |a Quaderns de Valls ; 4 | ||
| 901 | |a Arxiu | ||
| 942 | |n 1 |2 udc |c MON | ||
| 952 | |0 0 |1 0 |4 0 |6 FU2710 |7 1 |9 46667 |a Arxiu |b Arxiu |d 2016-12-01 |l 0 |o FU-27-10 |p 11020 |r 2016-12-01 00:00:00 |w 2016-12-01 |y ARXIU | ||
| 999 | |c 50460 |d 50460 | ||